=LDR 00000nam 2200000 4500 =001 INLIS000000001054592 =005 20260219075011 =035 ##$$a 0010-0226000146 =007 ta =008 260219################g##########0#ind## =020 ##$$a 978-623-5953-95-3 =082 ##$$a 899.221 3 =084 ##$$a 899.221 3 TES d =100 #$$a Tessia =245 1#$$a Di tanah berhala /$c Tessia =250 ##$$a cetakan pertama =260 ##$$a Depok :$b Akad,$c 2024 =300 ##$$a 320 halaman : $b ilustrasi ; $c 13 x 19 cm =500 ##$$a Biografi :halaman 320 =600 #4$$a Fiksi Indonesia =990 ##$$a 10871087 =990 ##$$a 10871087 =990 ##$$a 10871087 =990 ##$$a 10871087